| 000 | 01123nam a2200325 i 4500 | ||
|---|---|---|---|
| 003 | DO-SdBPM | ||
| 005 | 20250528104054.0 | ||
| 007 | ta | ||
| 008 | 250509b2016 dr a|||| |||| 00| 0 spa d | ||
| 020 | _a9789945193695 | ||
| 040 |
_aDO-SdBNP _bspa _cBPMSU _erda |
||
| 082 | 4 |
_aRD863.44 _b C822g 2016 _222 |
|
| 100 | 1 |
_aCoronado, Dinorah, _eautor _4aut. |
|
| 245 | 1 | 4 |
_aLos goleadores / _cDinorah Coronado ; edición, Ruth Herrera ; ilustraciones, Ruddy Núñez |
| 250 | _a | ||
| 264 | 4 |
_aSanto Domingo : _bSantillana Infantil y Juvenil, _c©2016. |
|
| 300 |
_a52 páginas : _bilustraciones ; _c20 cm. |
||
| 336 |
_atexto _btxt _2rdacontent |
||
| 337 |
_asin mediación _bn _2rdamedia |
||
| 338 |
_avolumen _bnc _2rdacarrier |
||
| 490 | 0 |
_aColección Loqueleo; _aSerie Morada/Cuento, _v8 |
|
| 590 | _aInventariado, 2025/VM | ||
| 650 | 7 | _aCuentos infantiles dominicanos | |
| 650 | 7 |
_a Futbol _vCuentos infantiles |
|
| 650 | 7 | _aLiteratura infantil dominicana | |
| 700 | 1 |
_aHerrera, Ruth, _eeditor _4ed. |
|
| 700 | 1 |
_aNúñez, Ruddy, _eilustrador _4il. |
|
| 910 | _aVMateo V. Control de calidad. BPMSU | ||
| 942 |
_2ddc _cBK |
||
| 999 |
_c15110 _d15110 |
||